000 00504nam a2200169 i 4500
001 67006
003 ES-MaACL
005 20230906165927.0
007 t|
008 040429s1993 sp ||||1| spa d
080 _a821.134.2-14"19"
245 0 0 _aForo Joven "Literatura y Compromiso".
260 _aMálaga :
_bCentro Cultural Generación del 27,
_c1993.
300 _a8 cuadernos :
_bil. ;
_c22 cm.
710 2 _aCentro Cultural Generación del 27.
_92582
852 _aES-MaACL
_j2170-F-7-14
_bR.126399
999 _c67006
_d67006